Think blot : el juego de las manchas [juego] /

Guardado en:
Formato: Objeto Físico
Publicado: Argentina : Ruibal, c1999.
Materias:
Etiquetas: Agregar Etiqueta
Sin Etiquetas, Sea el primero en etiquetar este registro!
LEADER 00871nrm a22001575g 4500
001 CEM.cems019449
008 130507s1999##################0###0#####d
005 20220830183432.0
245 0 0 |a Think blot :  |b el juego de las manchas [juego] /  |c Pictionary 
260 |a Argentina :  |b Ruibal,  |c c1999. 
300 |a 1 juego (1 tablero, 6 fichas, 6 lápices, 1 reloj de arena, 1 bandeja, 6 tarjetas si/no, 1 anotador, 70 láminas Thinkblot) ; en caja 37 x 27 x 6 cm. + instrucciones. 
500 |a Para 2 a 6 jugadores a partir de 8 años objetivo: identificar la mayor cantidad de imágenes posibles dentro de cada lámina Thinkblot y convenciendo a los otros jugadores para que las vean también. 
082 0 4 |a J793.24 
653 |a 1. juegos de interacción social y descubrimiento 
653 |a 2. juegos de entretenimiento general 
859 |a CEMS  |b BIB. CEMS - Ludoteca  |h J793.24  |i P587  |p 231.00  |t Ej.1